000 00587nam a2200193 a 4500
001 000009901
005 20240412074213.0
008 091002s2000 dr 000 0 spa d
040 _aDO-SdBNP
_bspa
_cBNPHU
082 _aRD861.44
_bL951a
100 1 _aLugo Pérez, Claudio
_d1954-
_924835
245 1 3 _aEl árbol satánico /
_cClaudio Lugo Pérez.
260 _aSanto domingo :
_bGente,
_c2000.
300 _a89 p. ;
_c22 cm.
590 _aInventariado, 2018/LP
650 0 _aPoesía dominicana
_966
650 0 _aLiteratura dominicana.
_967
910 _aValidado. Control de calidad BNPHU
999 _c9660
_d9660